[Event "4NCL Division 4 South"]
[Site "Reading, ENG"]
[Date "2017.04.30"]
[Round "10.51"]
[White "Ireland, David J"]
[Black "Girdlestone, Paul C"]
[Result "1-0"]
[WhiteElo "2027"]
[BlackElo "2100"]
[PlyCount "91"]
[EventDate "2017.04.30"]
[WhiteTeam "Throw in the Tal 1"]
[BlackTeam "Brown Jack 2"]

1. e4 e5 2. Nf3 Nc6 3. Bc4 Bc5 4. b4 Bb6 5. a4 a6 6. Nc3 Nf6 7. d3 Nxb4 8. Bg5
h6 9. Bh4 g5 10. Bg3 d6 11. a5 Ba7 12. h4 g4 13. Ng1 Nh5 14. Nge2 Qf6 15. Rf1
Nf4 16. d4 Nxg2+ 17. Kd2 exd4 18. Nd5 Nxd5 19. Bxd5 c6 20. e5 dxe5 21. Bxg2 Bf5
22. f3 d3 23. cxd3 O-O-O 24. Qa4 Rxd3+ 25. Ke1 Qg6 26. fxg4 Qxg4 27. Bxc6 Re3
28. Bxb7+ Kb8 29. Qxg4 Bxg4 30. Bf3 Rg8 31. Rb1+ Kc8 32. Bxg4+ Rxg4 33. Bf2 Rh3
34. Bxa7 Rhxh4 35. Rxf7 Rh1+ 36. Rf1 Rxf1+ 37. Kxf1 Ra4 38. Bb6 Kd7 39. Kg2 Ke6
40. Rh1 Rg4+ 41. Kf3 Rg6 42. Rh5 Kd6 43. Ng3 Kd5 44. Ne4 Rc6 45. Nc5 Rf6+ 46.
Kg3 1-0

[Event "4NCL Division 4 South"]
[Site "Reading, ENG"]
[Date "2017.04.30"]
[Round "10.52"]
[White "Martin, Lewis"]
[Black "Pafura, Godfrey Bisereko"]
[Result "1-0"]
[WhiteElo "2062"]
[BlackElo "1979"]
[PlyCount "75"]
[EventDate "2017.04.30"]
[WhiteTeam "Brown Jack 2"]
[BlackTeam "Throw in the Tal 1"]

1. d4 Nf6 2. c4 e6 3. Nf3 d5 4. Nc3 Be7 5. Bg5 Nbd7 6. e3 O-O 7. Bd3 c6 8. O-O
dxc4 9. Bxc4 b5 10. Bd3 Bb7 11. e4 a6 12. e5 Nd5 13. Ne4 f6 14. exf6 N7xf6 15.
Nc5 Bc8 16. Rc1 Qc7 17. Ne5 Bd6 18. Re1 Bxe5 19. dxe5 Ne8 20. Nb3 Qf7 21. f3
Qh5 22. Bd2 Nec7 23. Nd4 Nf4 24. Be4 Ncd5 25. Bxf4 Rxf4 26. Nxc6 Bb7 27. Bxd5
exd5 28. Qxd5+ Kh8 29. Qd7 Bxc6 30. Rxc6 Rff8 31. e6 Rfd8 32. Qc7 Qh4 33. Qe5
Rd2 34. Qe3 Rxb2 35. e7 Re8 36. Rc8 Qh5 37. Rxe8+ Qxe8 38. Qd4 1-0

[Event "4NCL Division 4 South"]
[Site "Reading, ENG"]
[Date "2017.04.30"]
[Round "10.53"]
[White "Pink, Joshua"]
[Black "Bourne, Johnathan D"]
[Result "1-0"]
[WhiteElo "2005"]
[BlackElo "1955"]
[PlyCount "81"]
[EventDate "2017.04.30"]
[WhiteTeam "Throw in the Tal 1"]
[BlackTeam "Brown Jack 2"]

1. e4 Nf6 2. e5 Nd5 3. d4 d6 4. c4 Nb6 5. exd6 exd6 6. Nc3 Nc6 7. Be3 Be7 8.
Qf3 O-O 9. O-O-O f5 10. Nh3 g5 11. c5 f4 12. cxb6 fxe3 13. bxc7 Qxc7 14. Qxe3
Qd8 15. Nd5 Bxh3 16. Nxe7+ Qxe7 17. Bc4+ Kh8 18. Qxh3 Rxf2 {(=)} 19. Rhe1 Qg7
20. Qe3 Raf8 21. Bd5 Nb4 22. Bb3 Qf6 23. Re2 Rxe2 24. Qxe2 Qf5 25. Be6 Qf4+ 26.
Qd2 Qxd2+ 27. Kxd2 Nc6 28. Kc3 Kg7 29. Rd2 Rf4 30. Kc4 Kf6 31. Bc8 a6 32. b4
b5+ 33. Kc3 a5 34. bxa5 Nxa5 35. Ba6 Nc4 36. Re2 Na3 37. Kb3 Rxd4 38. Re8 Nc4
39. Bxb5 Ne5 40. a4 Nd3 41. Kc3 1-0

[Event "4NCL Division 4 South"]
[Site "Reading, ENG"]
[Date "2017.04.30"]
[Round "10.54"]
[White "Shaw, Meyrick"]
[Black "Nwachukwu, Chino"]
[Result "1-0"]
[WhiteElo "1944"]
[BlackElo "2027"]
[PlyCount "69"]
[EventDate "2017.04.30"]
[WhiteTeam "Brown Jack 2"]
[BlackTeam "Throw in the Tal 1"]

1. d4 Nf6 2. Nf3 d5 3. g3 Bf5 4. Bg2 h6 5. c4 dxc4 6. Nc3 Nbd7 7. Bf4 e6 8. O-O
c6 9. a4 Nd5 10. Qd2 Bb4 11. Qc1 Nxf4 12. Qxf4 O-O 13. e4 Bh7 14. Nd2 Nf6 15.
Qe3 Ng4 16. Qf4 Nf6 17. Qe3 e5 18. dxe5 Ng4 19. Qe2 Bxc3 20. bxc3 Qd3 21. Qxg4
Qxd2 22. Rac1 Rae8 23. Rfd1 Qb2 24. f4 Rd8 25. Rxd8 Rxd8 26. Rd1 Rf8 27. Qf3
Qb3 28. Rd7 a5 29. f5 Re8 30. Bf1 Qb6+ 31. Qf2 Qb1 32. Qd4 Bxf5 33. exf5 Qxf5
34. Bxc4 Rf8 35. Rxb7 1-0

[Event "4NCL Division 4 South"]
[Site "Reading, ENG"]
[Date "2017.04.30"]
[Round "10.55"]
[White "Goodwin, Ed H"]
[Black "Onslow, Teddy"]
[Result "0-1"]
[WhiteElo "1907"]
[BlackElo "1780"]
[PlyCount "70"]
[EventDate "2017.04.30"]
[WhiteTeam "Throw in the Tal 1"]
[BlackTeam "Brown Jack 2"]

1. d4 d5 2. Bf4 Nf6 3. e3 e6 4. c3 Bd6 5. Nf3 Bxf4 6. exf4 Ne4 7. Nbd2 f5 8.
Ne5 O-O 9. g3 Nd7 10. Nxe4 fxe4 11. Bh3 Qe7 12. O-O Nxe5 13. fxe5 b6 14. Qe2 a5
15. b3 Ba6 16. c4 Rae8 17. Qc2 c5 18. Qc3 Rf3 19. Qb2 cxd4 20. Qxd4 Qc5 21.
Rfd1 dxc4 22. Qxc5 bxc5 23. Rd6 Bc8 24. bxc4 e3 25. fxe3 Rxe3 26. Rb1 Rxe5 27.
Rb8 Kf7 28. Ra8 Re1+ 29. Kf2 Rh1 30. Bg2 Rxh2 31. Ra7+ Re7 32. Rxe7+ Kxe7 33.
Rb6 Bd7 34. Kg1 Rh6 35. Bc6 e5 0-1

[Event "4NCL Division 4 South"]
[Site "Reading, ENG"]
[Date "2017.04.30"]
[Round "10.56"]
[White "Tombolis, Christopher"]
[Black "Price, Andrew"]
[Result "1-0"]
[WhiteElo "1817"]
[BlackElo "1870"]
[PlyCount "83"]
[EventDate "2017.04.30"]
[WhiteTeam "Brown Jack 2"]
[BlackTeam "Throw in the Tal 1"]

1. d4 d5 2. c4 dxc4 3. e3 Nf6 4. Bxc4 e6 5. Nf3 a6 6. a4 c5 7. O-O Nc6 8. Nc3
Be7 9. Ne5 Qc7 10. Nxc6 Qxc6 11. d5 Nxd5 12. Nxd5 exd5 13. Bxd5 Qc7 14. Qf3 O-O
15. e4 Bd6 16. h3 Be5 17. Qb3 Rb8 18. f4 Bd4+ 19. Be3 c4 20. Qa3 Bxe3+ 21. Qxe3
b5 22. axb5 axb5 23. Ra7 Qb6 24. Qxb6 Rxb6 25. Rc7 Be6 26. Rd1 g6 27. Kf2 Rd8
28. Ke2 Rbd6 29. Rc5 b4 30. Rxc4 Bxd5 31. Rxd5 Rxd5 32. exd5 Kg7 33. Rxb4 Rxd5
34. Re4 h5 35. h4 f6 36. b4 Kf7 37. g3 Kf8 38. Re3 Rb5 39. Rb3 Ke7 40. Kd3 Kd6
41. Kc4 Kc6 42. Re3 1-0

[Event "4NCL Division 4 South"]
[Site "Reading, ENG"]
[Date "2017.04.30"]
[Round "10.61"]
[White "Gooding, Ian"]
[Black "Goodger, Martyn"]
[Result "0-1"]
[WhiteElo "2020"]
[BlackElo "2014"]
[PlyCount "98"]
[EventDate "2017.04.30"]
[WhiteTeam "Cambridge University 3"]
[BlackTeam "Poisoned Pawns 2"]

1. e4 e5 2. Nf3 Nf6 3. Nc3 d6 4. d4 Nbd7 5. Bg5 c6 6. Qd2 Be7 7. Bd3 h6 8. Be3
Ng4 9. O-O-O O-O 10. h3 Nxe3 11. fxe3 a6 12. Kb1 b5 13. g4 c5 14. Qh2 c4 15.
Be2 f6 16. h4 Bb7 17. g5 Kh8 18. gxh6 gxh6 19. h5 b4 20. Nd5 Bxd5 21. exd5 f5
22. dxe5 Nxe5 23. Nxe5 dxe5 24. Bxc4 Bf6 25. d6 e4 26. Rhg1 Bg5 27. Qe5+ Qf6
28. Qxf6+ Rxf6 29. d7 Rd8 30. Rge1 Kg7 31. Rd5 Kf8 32. a3 bxa3 33. bxa3 Ke7 34.
Re5+ Kxd7 35. Rd1+ Rd6 36. Rxd6+ Kxd6 37. Rxf5 Rb8+ 38. Bb3 Rb5 39. Rf7 a5 40.
Ka2 Bxe3 41. Rf6+ Ke5 42. Re6+ Kf5 43. Rg6 Bg5 44. Bc4 Rc5 45. Kb3 Kf4 46. Kc3
Kf3 47. Kb3 Bf4 48. Rg1 Bg3 49. Rf1+ Bf2 0-1

[Event "4NCL Division 4 South"]
[Site "Reading, ENG"]
[Date "2017.04.30"]
[Round "10.62"]
[White "McMahon, Paul"]
[Black "Campbell, Mark C"]
[Result "1/2-1/2"]
[WhiteElo "1976"]
[BlackElo "1910"]
[PlyCount "74"]
[EventDate "2017.04.30"]
[WhiteTeam "Poisoned Pawns 2"]
[BlackTeam "Cambridge University 3"]

1. e4 c5 2. Nf3 d6 3. d3 g6 4. g3 Bg7 5. Bg2 Nc6 6. O-O e6 7. c3 Nge7 8. Be3
O-O 9. Nbd2 b6 10. Re1 d5 11. d4 cxd4 12. Nxd4 Nxd4 13. Bxd4 Bxd4 14. cxd4 Bb7
15. e5 Nc6 16. Nf3 Rc8 17. a3 Qe7 18. Qd2 f6 19. Rad1 fxe5 20. Nxe5 Nxe5 21.
Rxe5 Rf6 22. Rde1 Qd6 23. Bh3 Re8 24. Qg5 Kg7 25. f4 h6 26. Qg4 Bc8 27. Qe2 Bd7
28. Qe3 Qf8 29. Qd3 Qf7 30. Qa6 Bc8 31. Qa4 Re7 32. Qb4 Rc7 33. Qd6 Rd7 34. Qc6
Rc7 35. Qd6 Rd7 36. Qb4 Rc7 37. Qd6 Rd7 1/2-1/2

[Event "4NCL Division 4 South"]
[Site "Reading, ENG"]
[Date "2017.04.30"]
[Round "10.63"]
[White "Davis, Holden"]
[Black "Judkins, Brian D"]
[Result "1-0"]
[WhiteElo "1786"]
[BlackElo "1777"]
[PlyCount "77"]
[EventDate "2017.04.30"]
[WhiteTeam "Cambridge University 3"]
[BlackTeam "Poisoned Pawns 2"]

1. e4 e5 2. Nf3 Nf6 3. Nxe5 d6 4. Nf3 Nxe4 5. Nc3 Nf6 6. d4 Be7 7. Bd3 O-O 8.
h3 Nbd7 9. O-O Re8 10. Ne2 Bf8 11. b3 d5 12. c4 c6 13. Bb2 b6 14. Qc2 Bb7 15.
Ng5 g6 16. Rae1 Bg7 17. f4 Nf8 18. f5 Qd6 19. fxg6 fxg6 20. Bc1 Rad8 21. Bf4
Qe7 22. Nc3 Qxe1 23. Rxe1 Rxe1+ 24. Kf2 Re7 25. Nf3 N8d7 26. cxd5 cxd5 27. Nb5
Rc8 28. Qb1 Ne8 29. Nxa7 Ra8 30. Nb5 Ndf6 31. a4 Ne4+ 32. Kg1 Rc8 33. Bxe4 Rxe4
34. Be5 Bxe5 35. Nxe5 Re2 36. Qf1 Rxe5 37. dxe5 Kg7 38. Qf2 Rc6 39. Nd4 1-0

[Event "4NCL Division 4 South"]
[Site "Reading, ENG"]
[Date "2017.04.30"]
[Round "10.64"]
[White "Ribbands, Patrick C"]
[Black "Phillips, William"]
[Result "1/2-1/2"]
[WhiteElo "1757"]
[BlackElo "1849"]
[PlyCount "67"]
[EventDate "2017.04.30"]
[WhiteTeam "Poisoned Pawns 2"]
[BlackTeam "Cambridge University 3"]

1. c4 Nf6 2. Nc3 e6 3. e3 b6 4. Nf3 Bb7 5. Be2 Be7 6. O-O O-O 7. b3 d5 8. Bb2
Nbd7 9. cxd5 exd5 10. Rc1 c5 11. d4 Rc8 12. dxc5 bxc5 13. Qd2 Ne4 14. Nxe4 dxe4
15. Ne1 Bf6 16. Bxf6 Nxf6 17. Qb2 Qb6 18. g3 Ba6 19. Bxa6 Qxa6 20. Rc4 Rfd8 21.
Ng2 Qa5 22. Rfc1 h6 23. Nf4 Rd2 24. R4c2 Rxc2 25. Rxc2 Qe1+ 26. Kg2 Rd8 27. Re2
Qa5 28. Qc1 Nd5 29. Nxd5 Rxd5 30. Rc2 Qb6 31. Qe1 Qf6 32. Qe2 h5 33. h4 g6 34.
Rc4 1/2-1/2

[Event "4NCL Division 4 South"]
[Site "Reading, ENG"]
[Date "2017.04.30"]
[Round "10.65"]
[White "Ivanov, George"]
[Black "Mountford, Corinne"]
[Result "1/2-1/2"]
[WhiteElo "1805"]
[BlackElo "1705"]
[PlyCount "81"]
[EventDate "2017.04.30"]
[WhiteTeam "Cambridge University 3"]
[BlackTeam "Poisoned Pawns 2"]

1. e4 d5 2. exd5 Nf6 3. Nc3 Nxd5 4. d4 e6 5. Nf3 Bb4 6. Bd2 O-O 7. Bd3 b6 8.
O-O Ba6 9. Nxd5 Bxd2 10. Bxa6 Nxa6 11. Nxb6 cxb6 12. Qxd2 Qd5 13. Rfe1 Nc7 14.
Qf4 Qc6 15. Ne5 Qd6 16. Qe4 Nd5 17. Rad1 b5 18. c3 a6 19. Rd3 Rac8 20. Rg3 f5
21. Qh4 Rf6 22. Qg5 Rc7 23. Rh3 Qf8 24. f4 Ne7 25. Ree3 Nd5 26. Reg3 g6 27. Rh6
Rg7 28. b3 Qa3 29. Nd3 Qxa2 30. h3 Qa1+ 31. Kh2 Qxc3 32. Ne5 Qxd4 33. Rh4 Qa7
34. Rh6 b4 35. Rd3 Qe7 36. Nc6 Qf8 37. Ne5 Qe7 38. Nc6 Qf8 39. Ne5 Rc7 40. Rg3
Rg7 41. Rd3 1/2-1/2

[Event "4NCL Division 4 South"]
[Site "Reading, ENG"]
[Date "2017.04.30"]
[Round "10.71"]
[White "Higgie, Charles L"]
[Black "Karia, Rishul"]
[Result "1/2-1/2"]
[WhiteElo "1945"]
[BlackElo "1915"]
[PlyCount "54"]
[EventDate "2017.04.30"]
[WhiteTeam "Shropshire 2"]
[BlackTeam "Barnet Knights 2"]

1. d4 Nf6 2. c4 g6 3. Nc3 Bg7 4. e4 d6 5. f3 Nbd7 6. Be3 b6 7. Bd3 c5 8. Nge2
Bb7 9. Qd2 O-O 10. Bh6 cxd4 11. Nxd4 Bxh6 12. Qxh6 Ne5 13. Be2 Rc8 14. b3 e6
15. Qg5 Kg7 16. f4 Nc6 17. O-O-O h6 18. Qg3 Nxd4 19. Rxd4 Qc7 20. Kb2 e5 21.
Rd2 Nxe4 22. Nxe4 Bxe4 23. Rhd1 Rfd8 24. fxe5 dxe5 25. Rxd8 Rxd8 26. Rxd8 Qxd8
27. Qxe5+ Qf6 1/2-1/2

[Event "4NCL Division 4 South"]
[Site "Reading, ENG"]
[Date "2017.04.30"]
[Round "10.72"]
[White "Balouka Myers, Gabriel"]
[Black "Ansari, Athar"]
[Result "1-0"]
[WhiteElo "1825"]
[BlackElo "1937"]
[PlyCount "123"]
[EventDate "2017.04.30"]
[WhiteTeam "Barnet Knights 2"]
[BlackTeam "Shropshire 2"]

1. Nf3 d5 2. g3 c6 3. c4 Bg4 4. Bg2 e6 5. O-O Nd7 6. cxd5 exd5 7. d3 Ngf6 8.
Qc2 Bd6 9. e4 O-O 10. Nc3 Bxf3 11. Bxf3 Ne5 12. Bg2 d4 13. Nb1 Nfd7 14. f4 Ng4
15. Qe2 Ne3 16. Bxe3 dxe3 17. Qxe3 Nc5 18. d4 Qb6 19. Nd2 Ne6 20. Nc4 Qc7 21.
f5 Nd8 22. e5 Bb4 23. f6 Ne6 24. a3 Ba5 25. fxg7 Kxg7 26. Rf6 Rg8 27. Qh6+ Kh8
28. Nd6 Rg6 29. Qh4 Rf8 30. Be4 Rg7 31. Raf1 Ng5 32. Bc2 Qd7 33. R1f5 Bd2 34.
Nc4 Nh3+ 35. Kf1 Bg5 36. Qxh3 Bxf6 37. exf6 Rg6 38. Ne5 Qxd4 39. Nxg6+ fxg6 40.
Rf4 Rxf6 41. Qc8+ Kg7 42. Qc7+ Kh6 {(=)!} 43. Rxf6 Qxf6+ 44. Qf4+ Qxf4+ 45.
gxf4 Kh5 46. Bd1+ Kh4 47. Kg2 c5 48. h3 b5 49. Bg4 b4 50. Kf3 h5 51. Be6 g5 52.
fxg5 Kxg5 53. Ke4 a5 54. Kd5 Kf6 55. Bc8 bxa3 56. bxa3 Ke7 57. Kxc5 Kd8 58. Bf5
h4 59. Kb6 a4 60. Bg4 Ke7 61. Kc7 Kf6 62. Bd7 1-0

[Event "4NCL Division 4 South"]
[Site "Reading, ENG"]
[Date "2017.04.30"]
[Round "10.73"]
[White "Lewis, Christopher D"]
[Black "Balouka Myers, Reuben"]
[Result "1/2-1/2"]
[WhiteElo "1937"]
[BlackElo "1675"]
[PlyCount "71"]
[EventDate "2017.04.30"]
[WhiteTeam "Shropshire 2"]
[BlackTeam "Barnet Knights 2"]

1. e4 e6 2. d4 d5 3. Nd2 dxe4 4. Nxe4 Be7 5. f4 Nd7 6. Nf3 Ngf6 7. Nxf6+ Nxf6
8. Be3 O-O 9. Bd3 b6 10. Qe2 Bb7 11. O-O-O a5 12. Rhg1 Nd5 13. c3 Qd7 14. h4
Qa4 15. Kb1 Nxe3 16. Qxe3 Bd5 17. c4 Bxc4 18. Bxc4 Qxc4 19. Rc1 Qd5 20. Qe5
Qxe5 21. Nxe5 Bd6 22. g3 Bxe5 23. fxe5 Rac8 24. Rc6 Rfd8 25. Rd1 h6 26. Kc2 Rd7
27. Kc3 Kf8 28. a4 Ke7 29. Kc4 Rcd8 30. Kb5 Rxd4 31. Rxc7+ Ke8 32. Rxd4 Rxd4
33. Kxb6 Rxa4 34. Rc8+ Kd7 35. Rc7+ Ke8 36. Rc8+ 1/2-1/2

[Event "4NCL Division 4 South"]
[Site "Reading, ENG"]
[Date "2017.04.30"]
[Round "10.74"]
[White "Willmoth, Harrison"]
[Black "Tarr, Steve F"]
[Result "1/2-1/2"]
[WhiteElo "1720"]
[BlackElo "1825"]
[PlyCount "78"]
[EventDate "2017.04.30"]
[WhiteTeam "Barnet Knights 2"]
[BlackTeam "Shropshire 2"]

1. e4 c5 2. Nf3 d6 3. Bb5+ Bd7 4. Bxd7+ Qxd7 5. O-O Nc6 6. c3 Nf6 7. Re1 g6 8.
d4 cxd4 9. cxd4 d5 10. e5 Ne4 11. Nc3 Nxc3 12. bxc3 Bg7 13. Bf4 Nd8 14. Rc1 Rc8
15. Qe2 b5 16. a4 a6 17. axb5 Qxb5 18. Qc2 Ne6 19. Be3 O-O 20. Ra1 Qc4 21. Ra3
Rc7 22. Rea1 Rfc8 23. Rxa6 Qxc3 24. Qxc3 Rxc3 25. Ra7 Bf8 26. h3 Kg7 27. Ra8 f5
28. Rxc8 Rxc8 29. Ra6 Kf7 30. Ng5+ Nxg5 31. Bxg5 h6 32. Be3 g5 33. Ra5 e6 34.
Ra7+ Be7 35. Bd2 Rc4 36. Be3 Ke8 37. Ra8+ Kf7 38. Ra7 Ke8 39. Ra8+ Kf7 1/2-1/2

[Event "4NCL Division 4 South"]
[Site "Reading, ENG"]
[Date "2017.04.30"]
[Round "10.75"]
[White "Ross, Stuart"]
[Black "Karia, Devin"]
[Result "0-1"]
[WhiteElo "1720"]
[BlackElo "1622"]
[PlyCount "50"]
[EventDate "2017.04.30"]
[WhiteTeam "Shropshire 2"]
[BlackTeam "Barnet Knights 2"]

1. e4 e5 2. Nf3 Nc6 3. Bb5 Nge7 4. O-O g6 5. c3 Bg7 6. d4 exd4 7. cxd4 O-O 8.
Nc3 d5 9. exd5 Nxd5 10. Bg5 f6 11. Bc4 fxg5 12. Bxd5+ Kh8 13. Re1 Ne7 14. Bb3
Bg4 15. d5 Bxf3 16. gxf3 Nf5 17. Bc2 Nd4 18. Be4 Qf6 19. Re3 g4 20. Qf1 gxf3
21. Qh3 Rae8 22. Kh1 Re5 23. Rg1 Rh5 24. Qg4 Qd6 25. Qg3 Be5 0-1

[Event "4NCL Division 4 South"]
[Site "Reading, ENG"]
[Date "2017.04.30"]
[Round "10.76"]
[White "Karia, Kamlesh"]
[Black "Peck, Windsor W A"]
[Result "1/2-1/2"]
[WhiteElo "1622"]
[BlackElo "1547"]
[PlyCount "67"]
[EventDate "2017.04.30"]
[WhiteTeam "Barnet Knights 2"]
[BlackTeam "Shropshire 2"]

1. e4 e6 2. d4 d5 3. exd5 exd5 4. Bd3 Bd6 5. Qf3 Nf6 6. h3 Qe7+ 7. Ne2 Ne4 8.
O-O O-O 9. Nbc3 Nxc3 10. Nxc3 c6 11. Bf4 Nd7 12. Rfe1 Qf6 13. Bxd6 Qxd6 14. Re3
Nf6 15. Rae1 Bd7 16. Ne2 Qb4 17. c3 Qxb2 18. Rb1 Qxa2 19. Rxb7 Rab8 20. Rxb8
Rxb8 21. Qg3 Rf8 22. Rf3 Ne4 23. Qc7 Be8 24. Bxe4 dxe4 25. Re3 a5 26. Qe7 a4
27. Qb4 a3 28. c4 Bd7 29. Qxa3 Qxc4 30. Rxe4 Be6 31. Qe3 Qc2 32. Nf4 Qb1+ 33.
Qe1 Qxe1+ 34. Rxe1 1/2-1/2

[Event "4NCL Division 4 South"]
[Site "Reading, ENG"]
[Date "2017.04.30"]
[Round "10.81"]
[White "Stoyanov, Viktor"]
[Black "Donaghay, Richard H"]
[Result "1-0"]
[WhiteElo "1930"]
[BlackElo "1862"]
[PlyCount "121"]
[EventDate "2017.04.30"]
[WhiteTeam "Sandhurst Cadets"]
[BlackTeam "Iceni 2"]

1. d4 d6 2. Bf4 c6 3. Nc3 Nf6 4. e4 g6 5. Qd2 b5 6. a3 Nbd7 7. Rd1 e5 8. dxe5
dxe5 9. Bxe5 Qb6 10. Bg3 Bg7 11. Bd6 Bb7 12. Be2 O-O-O 13. Nf3 Rhe8 14. O-O
Nxe4 15. Nxe4 Rxe4 16. Ng5 Bh6 17. Qd3 Rxe2 18. Qxe2 Bxg5 19. Qg4 h6 20. Bf4 f5
21. Qg3 Bxf4 22. Qxf4 Nf6 23. Rxd8+ Qxd8 24. Qxh6 Qe8 25. Qg5 Nd5 26. h4 Kb8
27. h5 gxh5 28. Qxf5 Bc8 29. Qg5 Bg4 30. f3 Bd7 31. Qg3+ Kb7 32. Re1 Qf7 33.
Re5 Qh7 34. Kh2 h4 35. Qf2 Qh6 36. Re4 Qd6+ 37. Kh1 h3 38. g3 Nf6 39. Rd4 Qc7
40. Kh2 Nd5 41. a4 b4 42. c4 bxc3 43. bxc3 Ka8 44. c4 Nb6 45. a5 Nc8 46. Qd2
Be6 47. Re4 Qd7 {(=)} 48. Qxd7 Bxd7 49. g4 Kb7 50. Kxh3 Ka6 51. Rd4 Be6 52. f4
Kxa5 53. f5 Bf7 54. g5 Bh5 55. Kh4 Be2 56. g6 Ne7 57. Kg5 Nxf5 58. Kxf5 c5 59.
Rd5 Bxc4 60. Rxc5+ Kb4 61. Rxc4+ 1-0

[Event "4NCL Division 4 South"]
[Site "Reading, ENG"]
[Date "2017.04.30"]
[Round "10.82"]
[White "Kenning, Paul H"]
[Black "Isaksen, Peter A"]
[Result "0-1"]
[WhiteElo "1877"]
[BlackElo "1877"]
[PlyCount "64"]
[EventDate "2017.04.30"]
[WhiteTeam "Iceni 2"]
[BlackTeam "Sandhurst Cadets"]

1. e4 c5 2. Nf3 d6 3. Bb5+ Bd7 4. Bxd7+ Nxd7 5. O-O g6 6. Qe2 Bg7 7. c3 Qb6 8.
Rd1 Rc8 9. d4 Ngf6 10. h3 O-O 11. e5 Nd5 12. e6 N7f6 13. exf7+ Kxf7 14. Ng5+
Ke8 15. Ne6 Rf7 16. c4 Nb4 17. d5 Bh8 18. Re1 Qa5 19. Nc3 Ng8 20. Ne4 Nc2 21.
Bd2 Qb6 22. Ba5 Qxb2 23. Rab1 Qa3 24. Nxd6+ exd6 25. Nc7+ Kf8 {(=)} 26. Ne6+
Ke8 27. Nc7+ Kf8 28. Rxb7 Be5 29. Ne6+ Ke8 30. Rxf7 Kxf7 31. Qxc2 Qxa5 32. f4
Qxe1+ 0-1

[Event "4NCL Division 4 South"]
[Site "Reading, ENG"]
[Date "2017.04.30"]
[Round "10.83"]
[White "Kadambadi, Nikhil"]
[Black "Pott, Laurie"]
[Result "1-0"]
[WhiteElo "1862"]
[BlackElo "1812"]
[PlyCount "87"]
[EventDate "2017.04.30"]
[WhiteTeam "Sandhurst Cadets"]
[BlackTeam "Iceni 2"]

1. e4 c5 2. c3 d5 3. exd5 Qxd5 4. d4 cxd4 5. cxd4 Nc6 6. Nf3 Bg4 7. Be2 e6 8.
O-O Nf6 9. Nc3 Qd8 10. Qa4 Be7 11. Rd1 Qa5 12. Qxa5 Nxa5 13. h3 Bxf3 14. Bxf3
O-O 15. Bf4 Rac8 16. d5 exd5 17. Nxd5 Nxd5 18. Rxd5 Nc6 19. Rd7 Bf6 20. Rad1
Rfd8 21. Rxb7 Rxd1+ 22. Bxd1 g5 23. Be3 Nd4 24. Bh5 Rf8 25. b3 Ne6 26. Bxa7 Ng7
27. Bf3 Be5 28. Be3 h6 29. Rb5 f6 30. g4 Rc8 31. Rc5 Rb8 32. Bd5+ Kh7 33. a4
Ne8 34. Ra5 Nc7 35. Ra7 Kh8 36. Bc4 Rd8 37. Kf1 Nd5 38. Bxd5 Rxd5 39. Ke2 Bc3
40. Rb7 f5 41. Rb5 Rxb5 42. axb5 fxg4 43. hxg4 Be5 44. Ba7 1-0

[Event "4NCL Division 4 South"]
[Site "Reading, ENG"]
[Date "2017.04.30"]
[Round "10.84"]
[White "Lovell, Steve"]
[Black "Thornley, Oliver"]
[Result "1-0"]
[WhiteElo "1778"]
[BlackElo "1630"]
[PlyCount "41"]
[EventDate "2017.04.30"]
[WhiteTeam "Iceni 2"]
[BlackTeam "Sandhurst Cadets"]

1. e4 c6 2. d4 d5 3. f3 dxe4 4. fxe4 Nf6 5. e5 Nd5 6. Nc3 Bf5 7. Nxd5 Qxd5 8.
c3 e6 9. Nf3 c5 10. Bb5+ Nc6 11. O-O Be7 12. c4 Qd7 13. d5 O-O-O 14. Bxc6 bxc6
15. d6 Bg4 16. Be3 Qb7 17. Qb3 Bf8 18. Qxb7+ Kxb7 19. Ng5 Rg8 20. Rxf7+ Kb6 21.
b4 1-0

[Event "4NCL Division 4 South"]
[Site "Reading, ENG"]
[Date "2017.04.30"]
[Round "10.85"]
[White "Stoyanov, Boris"]
[Black "Carter, Dominic A"]
[Result "0-1"]
[WhiteElo "1525"]
[BlackElo "1677"]
[PlyCount "74"]
[EventDate "2017.04.30"]
[WhiteTeam "Sandhurst Cadets"]
[BlackTeam "Iceni 2"]

1. d4 Nf6 2. c4 c5 3. d5 b5 4. Nc3 b4 5. Nb1 g6 6. Nf3 Bg7 7. a3 Qb6 8. axb4
Qxb4+ 9. Nc3 Ne4 10. Qc2 f5 11. Bd2 Nxd2 12. Qxd2 O-O 13. Na4 Na6 14. Nc3 Rb8
15. Ra2 Qb3 16. e3 Nb4 17. Rxa7 Nc2+ 18. Ke2 Bxc3 19. Qxc3 Qxb2 20. Qxb2 Rxb2
21. Kd3 Nb4+ 22. Kc3 Rxf2 23. Ne1 Rd8 24. Nd3 Nxd3 25. Kxd3 Kf8 26. g3 d6 27.
Ra8 Ke8 28. Bh3 Bd7 29. Rxd8+ Kxd8 30. Bf1 e6 31. e4 fxe4+ 32. Kxe4 e5 33. h4
Bf5+ 34. Ke3 Rc2 35. Bd3 Rc3 36. Rd1 e4 37. g4 Bxg4 0-1

[Event "4NCL Division 4 South"]
[Site "Reading, ENG"]
[Date "2017.04.30"]
[Round "10.86"]
[White "Rowles, Sarah"]
[Black "Love, James"]
[Result "1-0"]
[WhiteElo "1540"]
[BlackElo "1405"]
[PlyCount "37"]
[EventDate "2017.04.30"]
[WhiteTeam "Iceni 2"]
[BlackTeam "Sandhurst Cadets"]

1. d4 e6 2. Nf3 d5 3. e3 Be7 4. Bd3 Bd7 5. O-O Nf6 6. Nbd2 O-O 7. Ne5 Nc6 8. f4
a6 9. c3 h6 10. g4 Nh7 11. Qc2 Nxe5 12. fxe5 f5 13. exf6 Nxf6 14. h3 Bc6 15.
Nf3 Qd6 16. Ne5 Nd7 17. Bh7+ Kh8 18. Ng6+ Kxh7 19. Nxf8+ 1-0

[Event "4NCL Division 4 South"]
[Site "Reading, ENG"]
[Date "2017.04.30"]
[Round "10.91"]
[White "Neale, George"]
[Black "Balouka-Myers, Toby"]
[Result "1-0"]
[WhiteElo "1671"]
[BlackElo "1592"]
[PlyCount "101"]
[EventDate "2017.04.30"]
[WhiteTeam "Sussex Martlets 3"]
[BlackTeam "Barnet Knights 3"]

1. d4 Nf6 2. Nf3 e6 3. Bg5 d5 4. c4 Bb4+ 5. Nc3 Nbd7 6. e3 O-O 7. Rc1 b6 8.
cxd5 exd5 9. a3 Bxc3+ 10. Rxc3 Bb7 11. Bb5 Qc8 12. Qc2 c5 13. dxc5 bxc5 14.
Bxf6 Nxf6 15. Rxc5 Qd8 16. O-O Rc8 17. Rxc8 Qxc8 18. Rc1 Qxc2 19. Rxc2 Ne4 20.
Rc7 Ba8 21. Rxa7 Rc8 22. h3 h6 23. Ne5 f6 24. Nd3 Nd6 25. Bd7 Rf8 26. Be6+ Kh7
27. Rd7 Ne4 28. Bxd5 Bxd5 29. Rxd5 Re8 30. Nc5 Ng5 31. b4 Rb8 32. Rd7 Kg8 33.
Rb7 Re8 34. a4 Ra8 35. a5 Nf7 36. a6 Nd6 37. Rd7 Nc8 38. b5 Kf8 39. Ne6+ Ke8
40. Rxg7 Rb8 41. Rb7 Ra8 42. Nc7+ Kd8 43. Nxa8 Nd6 44. Rb6 Kc8 45. Rxd6 Kb8 46.
Rxf6 Ka7 47. Nc7 Kb8 48. b6 Kc8 49. Rf7 Kd8 50. b7 h5 51. b8=R# 1-0

[Event "4NCL Division 4 South"]
[Site "Reading, ENG"]
[Date "2017.04.30"]
[Round "10.92"]
[White "Balouka-Myers, Raphael"]
[Black "Samworth-Calvier, Juju"]
[Result "0-1"]
[WhiteElo "1480"]
[BlackElo "1633"]
[PlyCount "102"]
[EventDate "2017.04.30"]
[WhiteTeam "Barnet Knights 3"]
[BlackTeam "Sussex Martlets 3"]

1. c4 e5 2. Nc3 Nc6 3. g3 g6 4. Bg2 Bg7 5. e3 d6 6. Nge2 Be6 7. b3 Qd7 8. d4
Bh3 9. O-O h5 10. f4 h4 11. fxe5 Bxg2 12. Kxg2 hxg3 13. hxg3 Qh3+ 14. Kf2 O-O-O
15. exd6 Rxd6 16. Ke1 Nxd4 17. exd4 Bxd4 18. Qc2 Re6 19. Qd3 c5 20. Bf4 Nf6 21.
Kd2 Bxc3+ 22. Kxc3 Rd8 23. Qc2 Ne4+ 24. Kb2 g5 25. Rh1 Qg4 26. Bc1 Nf2 27. Re1
Nd3+ 28. Kb1 Nxe1 29. Qc3 Qe4+ 30. Kb2 Qxe2+ 31. Kb1 Rd3 32. Qb2 Qxb2+ 33. Kxb2
Re2+ 34. Kb1 Nc2 35. Kb2 Nxa1+ 36. Kxa1 Rd1 37. Kb1 Ree1 38. Kc2 Rxc1+ 39. Kd2
f5 40. b4 f4 41. gxf4 gxf4 42. bxc5 f3 43. c6 f2 44. cxb7+ Kxb7 45. c5 f1=Q 46.
c6+ Kxc6 47. a4 Rcd1+ 48. Kc3 Qd3+ 49. Kb4 Rb1+ 50. Ka5 Qb3 51. Ka6 Qb6# 0-1

[Event "4NCL Division 4 South"]
[Site "Reading, ENG"]
[Date "2017.04.30"]
[Round "10.93"]
[White "Woods, Timothy J"]
[Black "Vaidya, Raghav"]
[Result "1-0"]
[WhiteElo "1645"]
[BlackElo "1372"]
[PlyCount "65"]
[EventDate "2017.04.30"]
[WhiteTeam "Sussex Martlets 3"]
[BlackTeam "Barnet Knights 3"]

1. e4 c5 2. Nf3 Nc6 3. d4 cxd4 4. Nxd4 Nf6 5. Nc3 e5 6. Ndb5 d6 7. Bg5 a6 8.
Na3 Be7 9. Nc4 Nd4 10. Bxf6 Bxf6 11. Nd5 b5 12. Ncb6 Rb8 13. c3 Nc6 14. Nxc8
Rxc8 15. a4 bxa4 16. Bxa6 Rb8 17. Qxa4 Qd7 18. Bb5 Rc8 19. Nb6 Qc7 20. Nxc8
Qxc8 21. Bxc6+ Kd8 22. Qa5+ Ke7 23. Qa7+ Kd8 24. Qb6+ Ke7 25. Ra7+ Kf8 26. Ra8
Qxa8 27. Bxa8 Ke7 28. Bd5 Rd8 29. O-O Rd7 30. Ra1 Bg5 31. Ra7 Rxa7 32. Qxa7+
Kf6 33. Qxf7# 1-0